书目信息 |
| 题名: |
物理性污染控制实验教程
|
|
| 作者: | 宋小飞 , 张金莲 主编 | |
| 分册: | ||
| 出版信息: | 广州 华南理工大学出版社 2019.10 |
|
| 页数: | 121页 | |
| 开本: | 26cm | |
| 丛书名: | ||
| 单 册: | ||
| 中图分类: | X12-33 | |
| 科图分类: | ||
| 主题词: | 环境物理学--huan jing wu li xue--实验--高等学校--教材 | |
| 电子资源: | ||
| ISBN: | 978-7-5623-6056-8 | |
| 000 | 01015nam0 2200265 450 | |
| 001 | 202020140231 | |
| 005 | 20200926181352.0 | |
| 010 | @a978-7-5623-6056-8@dCNY39.80 | |
| 100 | @a20200918d2019 em y0chiy50 ea | |
| 101 | 0 | @achi |
| 102 | @aCN@b440000 | |
| 105 | @aak a 000yy | |
| 106 | @ar | |
| 200 | 1 | @a物理性污染控制实验教程@Awu li xing wu ran kong zhi shi yan jiao cheng@f宋小飞, 张金莲主编 |
| 210 | @a广州@c华南理工大学出版社@d2019.10 | |
| 215 | @a121页@c图@d26cm | |
| 320 | @a有书目 (第121页) | |
| 330 | @a本书共分五章, 内容包括: 噪声监测实验 ; 光、热污染监测实验 ; 放射性监测实验 ; 电磁辐射监测实验 ; 振动监测实验。后附录1、仪器使用说明 ; 附录2、各类环境噪声标准 ; 附录3、核辐射与电磁辐射环境防护标准等。 | |
| 333 | @a“新工科”人才培养实验教材 | |
| 606 | 0 | @a环境物理学@Ahuan jing wu li xue@x实验@x高等学校@j教材 |
| 690 | @aX12-33@v5 | |
| 701 | 0 | @a宋小飞@Asong xiao fei@4主编 |
| 701 | 0 | @a张金莲@Azhang jin lian@4主编 |
| 801 | 0 | @aCN@c20191202 |
| 905 | @a河南城建学院图书馆@dX12-33@eS780 | |
| 物理性污染控制实验教程/宋小飞, 张金莲主编.-广州:华南理工大学出版社,2019.10 |
| 121页:图;26cm |
| 使用对象:“新工科”人才培养实验教材 |
| ISBN 978-7-5623-6056-8:CNY39.80 |
| 本书共分五章, 内容包括: 噪声监测实验 ; 光、热污染监测实验 ; 放射性监测实验 ; 电磁辐射监测实验 ; 振动监测实验。后附录1、仪器使用说明 ; 附录2、各类环境噪声标准 ; 附录3、核辐射与电磁辐射环境防护标准等。 |
| ● |
| 相关链接 |
|
|
|
正题名:物理性污染控制实验教程
索取号:X12-33/S780
 
预约/预借
| 序号 | 登录号 | 条形码 | 馆藏地/架位号 | 状态 | 备注 |
| 1 | 1490463 | 214904638 | 自科库501/501自科库 62排1列1层/ [索取号:X12-33/S780] | 在馆 |